| 000 | 00596nam a2200205 a 4500 | ||
|---|---|---|---|
| 005 | 20250408063813.0 | ||
| 008 | 991125s1956 ag 000 0 spa u | ||
| 035 | _aUPN01000040996 | ||
| 049 | _aCG | ||
| 050 | 4 |
_aD844 _bH4.58 |
|
| 100 | 1 | _aHealey, Denis | |
| 245 | 1 | 0 |
_aNeutralismo / _cDenis Healy ; tr. J. Rovira Armengol. |
| 260 |
_aBuenos Aires : _bAgora, _c1956. |
||
| 300 | _a61 p. | ||
| 440 | 0 |
_aTemas actuales ; _v10 |
|
| 501 | _aCon: El futuro de Rusia / Leonard Schapiro ; tr. Martín Vidal | ||
| 650 | 4 |
_aPolítica mundial _912677 |
|
| 740 | 3 | _aEl futuro de Rusia | |
| 905 | _aLibro | ||
| 999 |
_c40996 _d40996 |
||